000 00336nam a2200133Ia 4500
005 20260328101455.0
008 260328s9999||||xx |||||||||||||| ||und||
100 _aBofinger, Helge
245 0 _aJunge architekten in Europa /
_cHelge Bofinger
260 _bKohlhammer
300 _a188 p.
650 _aARQUITECTURA REGIONAL
942 _cBK
999 _c8821
_d8821